00990nam a2200241Ia 450000500170000000800410001708200190005811000690007724501320014625000190027830000290029750000590032661000650038565000380045065000670048894200150055526400400057033600270061033700330063733800280067004000350069899900150073320220317001239.0160825s1998 ck g 000 0 spa 04a306.08998 F85s2 aFundación de Investigaciones Arqueológicas Nacionales96817810aSan Agustínbvida cotidiana, muerte y pensamiento mágicocFundación de Investigaciones Arqueológicas NacionaleshCD-ROM a1a. edición  aCD-ROM bestereoc12 cm  aEl CD-ROM tiene presentación en Español e Inglés2 aSan Agustín (Cultura indígena)vCD-ROM xHistoria968188142LEMBaParques nacionalesvCD-ROM 142LEMB aArqueología vCD-ROMzSan Agustín (Huila, Colombia) 2ddccCDMUL aBogotábFundación Erigaiec1998 atextobtxt2rdacontent asin mediaciónbn2rdamedia avolumenbnc2rdacarrier aCO-BoRNBPbspaerdacCO-BoRNBP c6376d6376